| 000 | 00934nam a22002777a 4500 | ||
|---|---|---|---|
| 999 |
_c4145 _d4145 |
||
| 003 | AR-CdUCM | ||
| 008 | 190308b ||||| |||| 00| 0 spa d | ||
| 020 | _a987-21318-0-5 | ||
| 040 |
_aMUNICIPALIDAD PROVINCIAL DEL CUSCO _cBIBLIOTECA MUNICIPAL DEL CUSCO |
||
| 082 |
_a709 / _bG91 |
||
| 100 |
_aGuijarro, Gustavo _913141 |
||
| 245 | _aConozca Salta / | ||
| 260 |
_aArgentina : _bCrivelli Editores ; _c2006. |
||
| 300 |
_a255 páginas ; _bFotografías, mapas _c32cm |
||
| 505 | _aContenido: La ciudad -- Valle de Lerma -- Valles Calchaquies -- Selva tropical -- La gente... | ||
| 650 |
_aTurismo _94560 |
||
| 650 |
_aCultura _9126 |
||
| 650 |
_aPaisajes _913142 |
||
| 650 |
_aArgentina _9511 |
||
| 700 |
_aSaravia, Juan Carlos _913143 |
||
| 700 |
_aCrivelli, Silvana _913144 |
||
| 700 |
_aViramonte, Jose _913145 |
||
| 710 |
_aSecretaría de Cultura de la Provincia de Salta _913146 |
||
| 942 |
_2ddc _cLIBROS |
||
| 945 | _anom | ||